000 01007nam a2200205Ia 4500
001 10146
003 GE_BSU
008 181216s||||||||xx |||||||||||||| ||und||
040 _cGE_BSU
080 _a821.353.1–1+821.353.1-91-1
245 _aსიყვარულის წიგნი:ხალხური პოეზია
245 _bქართული კლასიკური პოეზია,აშუღური პოეზია. XX საუკუნის ქართული პოეზია
245 _cშემდგ.გ.გეგეჭკორი.ე.კვიტაიშვილი.ტ.ჭანტურია,წინასიტყვ.ავტორიგ.ასათიანი
260 _aთბილისი
260 _bსაბჭოთა საქართველო
260 _c1984
300 _a414გვ .22სმ.
653 _aსიყვარულის წიგნი:ხალხური პოეზია
942 _cBK
999 _c43417
_d43417